00434nam a22001577a 4500003000400000005001700004008004100021020001800062040000600080082002000086100001800106245008100124260003300205300001500238440002300253OSt20180116183046.0160720b xxu||||| |||| 00| 0 eng d a9781859641231 c0 a297.63 REE 2000 aMinou Reeves  aMuhammad in EuropebA Thousand Years of western Myth- Making cMinou Reeves  aUKbGarnet Publishing c2000 a306 p.bHB aMuhammad in Europe